| 000 | 00345nam a22000977a 4500 | ||
|---|---|---|---|
| 008 | 220502b ||||| |||| 00| 0 eng d | ||
| 100 | _aRobert Siegel Auction Galleries | ||
| 245 | _aUS 1890 Small Bank Note Issue Wm H. Johnson Collection (May 2019) | ||
| 260 |
_aNew York _bRobert Siegel Auction Galleries _c2019 |
||
| 650 | _aUS Classic| Small Bank Notes | ||
| 999 |
_c3383 _d3383 |
||